Verbs in Finnish - Statistics

General Stats
  • This quiz has been taken 47 times
  • The average score is 19 of 56
Answer Stats
Hint Answer % Correct
drive ajaa 1
86%
give antaa 1
64%
live asua 1
50%
sit istua 1
50%
sing laulaa 1
50%
read lukea 1
50%
pay maksaa 1
50%
speak/talk puhua 1
50%
stand seisoa 1
50%
wake up herätä 4
43%
cry itkeä 1
43%
drink juoda 2
43%
walk kävellä 3
43%
laugh nauraa 1
43%
sleep nukkua 1
43%
study opiskella 3
43%
say sanoa 1
43%
open avata 4
36%
disturb häiritä 5
36%
(cross-country) ski hiihtää 1
36%
vacuum imuroida 2
36%
watch katsoa 1
36%
write kirjoittaa 1
36%
fix korjata 4
36%
fly lentää 1
36%
sell myydä 2
36%
take ottaa 1
36%
play pelata 4
36%
love rakastaa 1
36%
clean up siivota 4
36%
eat syödä 2
36%
smile hymyillä 3
29%
celebrate juhlia 1
29%
run juosta 3
29%
discuss keskustella 3
29%
leave lähteä 1
29%
skate luistella 3
29%
travel matkustaa 1
29%
go mennä 3
29%
get up nousta 3
29%
buy ostaa 1
29%
wash pestä 3
29%
draw piirtää 1
29%
ride a bike pyöräillä 3
29%
take a sauna saunoa 1
29%
dance tanssia 1
29%
swim uida 2
21%
put on pukea 1 päälle
14%
order tilata 4
14%
do the dishes tiskata 4
14%
ring soida 2
7%
play an instrument/call soittaa 1
7%
make a food tehdä 2 ruokaa
7%
come tulla 3
7%
choose valita 5
7%
smoke a tobacco polttaa 1 tupakkaa
0%
No matching quizzes found
Score Distribution
Percent of People with Each Score
Percentile by Number Answered
Your Score History
You have not taken this quiz